Guess the EPIC: The Musical song #8 - Statistics

General Stats
  • This quiz has been taken 44 times
  • The average score is 248 of 388
Answer Stats
Answer % Correct
I.
96%
I
96%
the
89%
The
89%
who
89%
l-
85%
you
85%
you.
85%
a
81%
A
81%
it
81%
it,
81%
he?
78%
in
78%
is
78%
man
78%
me,
78%
me
78%
men
78%
and
74%
And
74%
and--
74%
be
74%
do
74%
It's
74%
it's
74%
just
74%
my
74%
we
74%
Where
74%
win
74%
can
70%
Can
70%
don't
70%
Don't
70%
have
70%
I'm
70%
them
70%
then:
70%
They
70%
this
70%
to
70%
I'll
67%
left
67%
myself,
67%
no
67%
of
67%
she
67%
so
67%
so,
67%
What-
67%
with
67%
world
67%
your
67%
are,
63%
are
63%
as
63%
did.
63%
know
63%
life
63%
life?
63%
tell
63%
that
63%
There
63%
would
63%
bedroom,
59%
been
59%
behind.
59%
could
59%
give
59%
Give
59%
gonna
59%
her
59%
her?
59%
or
59%
some
59%
Stuck
59%
stuck
59%
too
59%
too.
59%
wanna
59%
was
59%
Why
59%
wife?
59%
But
56%
but
56%
call
56%
dead
56%
find?
56%
get
56%
if
56%
If
56%
legendary.
56%
legendary!
56%
monster,
56%
mother
56%
not
56%
oh.
56%
oh.)
56%
our
56%
sign.
56%
sign...
56%
these
56%
tramp
56%
tramp!
56%
whom
56%
you're
56%
all
52%
Cerberus.
52%
chimeras,
52%
chimeras.
52%
Cyclops.
52%
dare
52%
even
52%
fate
52%
fight.
52%
fight
52%
heart
52%
hydra.
52%
keep
52%
living
52%
Minotaur,
52%
mom,
52%
mom
52%
new
52%
open
52%
room
52%
scary,
52%
sirens
52%
still
52%
twenty
52%
(Twenty
52%
years,
52%
years...)
52%
boy,
48%
Boy!
48%
'Cause
48%
champ?
48%
choose
48%
clue
48%
come
48%
far...
48%
fun
48%
giants
48%
harpies
48%
husband?
48%
monsters
48%
monsters,
48%
never
48%
safe?
48%
small.
48%
Somebody
48%
spend
48%
stories,
48%
strength!
48%
strong
48%
Trying
48%
you'll
48%
about
44%
Dreaming
44%
eight
44%
faces
44%
half
44%
halls.
44%
hundred
44%
idea
44%
king.
44%
light.
44%
longer
44%
much
44%
stall.
44%
strangers
44%
takes
44%
tall.
44%
they're
44%
those
44%
When's
44%
who'll
44%
bring
41%
chance,
41%
Dangerous,
41%
getting
41%
help
41%
impatient.
41%
old
41%
opportunity,
41%
overcome
41%
single
41%
standing
41%
taking
41%
whatever
41%
wish
41%
Woah-
41%
(Woah-
41%
obstacles
37%
scrutiny
37%
space
37%
ya
19%
No matching quizzes found
Score Distribution
Percent of People with Each Score
Percentile by Number Answered
Your Score History
You have not taken this quiz